[Event "Masters"]
[Site "Trieste ITA"]
[Date "2008.09.04"]
[Round "6"]
[White "Srebrnic,M"]
[Black "Bosiocic,Mari"]
[Result "0-1"]
[WhiteElo "2313"]
[BlackElo "2540"]

1.e4 c5 2.Nf3 e6 3.d4 cxd4 4.Nxd4 Nc6 5.Nc3 Qc7 6.Be3 a6 7.a3 Nf6 8.f4 Nxd4
9.Bxd4 d6 10.Be2 Be7 11.Qd2 e5 12.Be3 b5 13.O-O Bb7 14.Bf3 O-O 15.Qf2 exf4
16.Bxf4 Nd7 17.Rad1 Ne5 18.Nd5 Bxd5 19.Rxd5 Rad8 20.Rfd1 Bf6 21.b3 Rfe8 22.Be3 Rd7
23.Qd2 Re6 24.Bf4 Rd8 25.Kh1 h6 26.Qf2 Rc8 27.R1d2 Bg5 28.g3 Qe7 29.Be2 Re8
30.a4 bxa4 31.bxa4 Qb7 32.h4 Bf6 33.Qg2 Qb4 34.a5 Nc4 35.Bxc4 Qxc4 36.Qe2 Qc8
37.Qg4 Qb7 38.Bxd6 Rxd6 39.Rxd6 Rxe4 40.Qxe4 Qxe4+ 41.Kh2 Be5 42.Rd8+ Kh7
43.Kh3 Qh1+ 44.Rh2 Qf1+ 45.Rg2 Qf5+ 46.Kh2 Qf6 47.Rd3 Qxh4+ 48.Kg1 Bd4+  0-1

[Event "TCh-ESP Hon Gp1"]
[Site "Cala Mayor ESP"]
[Date "2008.09.05"]
[Round "3"]
[White "Shirov,A"]
[Black "Rublevsky,S"]
[Result "1-0"]
[WhiteElo "2741"]
[BlackElo "2699"]

1.e4 c5 2.Nf3 e6 3.d4 cxd4 4.Nxd4 Nc6 5.Nc3 a6 6.Be3 Nf6 7.f4 Bb4 8.Bd3 e5
9.fxe5 Nxe5 10.O-O d6 11.Kh1 Bxc3 12.bxc3 h6 13.Nf3 O-O 14.Nxe5 dxe5 15.Qf3 Re8
16.Bxh6 Bg4 17.Qe3 gxh6 18.Qxh6 Re6 19.Qg5+ Kf8 20.Bc4 Rc6 21.Bb3 Qe7 22.h3 Bh5
23.Rf5 Nxe4 24.Qxe7+ Kxe7 25.Rxe5+ Kf8 26.Rxe4 Bg6 27.Re3 Rac8 28.c4 Bf5
29.Rf1 Rc5 30.Kh2 R8c6 31.Rf4 Be6 32.Ree4 Ra5 33.a4 Kg7 34.g4 Rb6 35.Rd4 Rb4
36.Kg3 Rc5 37.h4 Re5 38.h5 Re1 39.Kh4 Rb1 40.Kg5 Re1 41.h6+ Kg8 42.Rfe4 Rxe4
43.Rxe4 b5 44.axb5 axb5 45.Rxe6 fxe6 46.c5 Re4 47.Kf6 Kh7 48.g5 e5 49.g6+ Kxh6
50.g7  1-0

[Event "61st ch-RUS HL"]
[Site "Novokuznetsk RUS"]
[Date "2008.09.05"]
[Round "3"]
[White "Sjugirov,S"]
[Black "Timofeev,Arty"]
[Result "1/2-1/2"]
[WhiteElo "2545"]
[BlackElo "2650"]

1.e4 c5 2.Nf3 e6 3.d4 cxd4 4.Nxd4 Nc6 5.Nc3 d6 6.g4 h6 7.Be3 Nf6 8.h3 Bd7
9.Qe2 Nxd4 10.Bxd4 Qa5 11.e5 Nd5 12.exd6 O-O-O 13.Bg2 Bc6 14.Qd2 Nb4 15.Bxc6 Nxc6
16.O-O-O Bxd6 17.Qe2 h5 18.Be3 Be5 19.Rxd8+ Rxd8 20.Bd2 hxg4 21.hxg4 Bxc3
22.Bxc3 Qxa2 23.b3 Qa3+ 24.Kb1 e5 25.Qc4 f6 26.g5 Qe7 27.f4 Kb8 28.gxf6 gxf6
29.fxe5 fxe5 30.Re1 Qd6 31.Qe4 Re8 32.Kb2 Re7 33.Re2 Kc7 34.Rd2 Qf6 35.Qd5 Qe6
36.Qe4 Rd7 37.Re2 Re7 38.Re3 Re8 39.Re2 Re7 40.Re3 Kc8 41.Re2 Re8 42.Re3 Re7
43.Re2 Re8 44.Re3 Re7  1/2-1/2

[Event "5th LGA Premium Cup"]
[Site "Nuernberg GER"]
[Date "2008.09.05"]
[Round "3"]
[White "Lais,T"]
[Black "Thoma,Di"]
[Result "1-0"]
[WhiteElo "1845"]
[BlackElo "1622"]

1.e4 c5 2.Nf3 e6 3.d4 cxd4 4.Nxd4 Nc6 5.Nc3 a6 6.Be3 Qc7 7.Qd2 Nf6 8.f3 b5
9.O-O-O Be7 10.g4 d6 11.g5 Nd7 12.f4 O-O 13.Bh3 b4 14.Nce2 Nxd4 15.Bxd4 e5
16.Bxd7 Bxd7 17.Bxe5 Bg4 18.Bd4 Bf3 19.Rhg1 Bxe4 20.Ng3 d5 21.Nxe4 dxe4 22.f5 Bd6
23.Kb1 Bxh2 24.Rh1 Bf4 25.Qg2 Rac8 26.Bxg7 Rfd8 27.Rxd8+ Rxd8 28.Qh3 Bh2
29.Bf6 Rd2 30.Qb3 Kf8 31.Qxb4+ Qd6 32.Qxd6+ Rxd6 33.a3 Rd2 34.Re1 Rf2 35.Rd1 Bc7
36.Rd7 Bb6 37.Rb7 Ke8 38.Rxb6 Rf1+ 39.Ka2 e3 40.Rd6  1-0

[Event "ch-ISL"]
[Site "Reykjavik ISL"]
[Date "2008.09.05"]
[Round "10"]
[White "Ulfarsson,M"]
[Black "Kristjansson,St"]
[Result "1-0"]
[WhiteElo "2403"]
[BlackElo "2477"]

1.e4 c5 2.Nf3 e6 3.d4 cxd4 4.Nxd4 Nc6 5.Nc3 Qc7 6.Be3 a6 7.Qd2 Nf6 8.O-O-O Bb4
9.f3 Ne5 10.Nb3 b5 11.Kb1 Be7 12.Qf2 d6 13.Bb6 Qb8 14.Bd4 O-O 15.g4 Nfd7
16.Rg1 b4 17.Na4 a5 18.f4 Nc6 19.g5 Ba6 20.f5 Bxf1 21.Rdxf1 g6 22.Qh4 h5
23.Qh3 Nde5 24.fxg6 Nxg6 25.Qxh5 Qb5 26.Rf3 Nxd4 27.Rh3 Rfc8 28.Nxd4 Qc4
29.Qh7+ Kf8 30.Rf3  1-0

[Event "TCh-ESP Hon Gp2"]
[Site "Sabadell ESP"]
[Date "2008.09.05"]
[Round "3"]
[White "Corrales Jimenez,F"]
[Black "Almasi,Z"]
[Result "1/2-1/2"]
[WhiteElo "2504"]
[BlackElo "2668"]

1.e4 c5 2.Nf3 e6 3.d4 cxd4 4.Nxd4 Nc6 5.Nc3 a6 6.Be3 Nf6 7.Qd2 Qc7 8.O-O-O Bb4
9.f3 Ne5 10.Nb3 b5 11.Qd4 Nc6 12.Qb6 Qxb6 13.Bxb6 O-O 14.Be2 Bxc3 15.bxc3 d5
16.Nc5 Re8 17.Rhe1 Re7 18.Nb3 dxe4 19.fxe4 Nxe4 20.Bf3 f5 21.Bxe4 fxe4 22.Rd6 Bd7
23.Nc5 Be8 24.Nxe6 Ne5 25.Nc7 Nc4 26.Nxa8 Nxd6 27.Bc5 Rd7 28.Nb6 Rd8 29.Rd1 Nb7
30.Rxd8 Nxd8 31.c4 Nb7 32.Be3 bxc4 33.Nxc4 Bf7 34.Nd2 Bxa2 35.Nxe4 Bd5 36.Nc5 Nxc5
37.Bxc5 Bxg2 38.h4 Kf7 39.Kb2 a5 40.c3 a4 41.Bb6 g6 42.Be3 Kf6 43.Bg5+ Kf5
44.Bd8 h6 45.Be7 Kg4 46.Bd8 Bc6 47.Be7  1/2-1/2

[Event "17th CRO-chT 1a"]
[Site "Sibenik CRO"]
[Date "2008.09.05"]
[Round "9"]
[White "Saric,Iv"]
[Black "Sertic,Ru"]
[Result "1-0"]
[WhiteElo "2511"]
[BlackElo "2405"]

1.e4 c5 2.Nf3 e6 3.d4 cxd4 4.Nxd4 Nc6 5.Nc3 Qc7 6.Be3 a6 7.Qd2 Nf6 8.O-O-O Ne5
9.f4 Nc4 10.Bxc4 Qxc4 11.e5 Nd5 12.Nxd5 Qxd5 13.Kb1 b5 14.Qf2 Bb7 15.Nf3 Qc6
16.Rd3 d6 17.exd6 Bxd6 18.Rhd1 Be7 19.Rc3 Qe4 20.Rd4 Qf5 21.Rc7 Bd5 22.Ne5 h5
23.Rxd5 exd5 24.Bc5 O-O 25.Rxe7 Rae8 26.Ra7  1-0

[Event "17th CRO-chT 1b"]
[Site "Sibenik CRO"]
[Date "2008.09.05"]
[Round "9"]
[White "Fercec,N"]
[Black "Jurkovic,H"]
[Result "1-0"]
[WhiteElo "2486"]
[BlackElo "2440"]

1.e4 c5 2.Nf3 e6 3.d4 cxd4 4.Nxd4 Nc6 5.Nc3 Qc7 6.Be3 a6 7.f4 b5 8.Bd3 Bb7
9.Qf3 Nf6 10.O-O-O Na5 11.g4 Nc4 12.Bxc4 Qxc4 13.g5 b4 14.gxf6 bxc3 15.fxg7 cxb2+
16.Kb1 Bxg7 17.Rhg1 Bf6 18.Bf2 Rc8 19.Rd2 Qb4 20.Rd3 Qa4 21.Qe2 a5 22.e5 Be7
23.Rb3 Bd5 24.Qa6 Rd8 25.Rxb2 Bc4 26.Qb6 h5 27.f5 h4 28.f6 Bb4 29.Rb3 Bf8
30.h3 Rc8 31.Qb7 Rd8 32.Rg4 Bd5 33.Nb5 Bb4 34.Nc7+  1-0

[Event "TCh-SRB 1st League"]
[Site "Subotica SRB"]
[Date "2008.09.05"]
[Round "5"]
[White "Bozic,Mila"]
[Black "Roganovic,Milo"]
[Result "0-1"]
[WhiteElo "2440"]
[BlackElo "2393"]

1.e4 c5 2.Nf3 Nc6 3.Nc3 e6 4.d4 cxd4 5.Nxd4 Nf6 6.Nxc6 bxc6 7.e5 Nd5 8.Ne4 Qc7
9.f4 Qb6 10.c4 Bb4+ 11.Ke2 f5 12.Nf2 Ba6 13.Kf3 Ne7 14.Be3 Bc5 15.Bxc5 Qxc5
16.Qd6 Qa5 17.a3 c5 18.Be2 g5 19.fxg5 Bb7+ 20.Kg3 f4+ 21.Kh3 Nf5 22.Bh5+ Kd8
23.Qd3 Qc7 24.Rhe1 Rg8 25.Ne4 Qxe5 26.g3 Nd4 27.g4 Rb8 28.b4 Bxe4 29.Qxe4 Qxg5
30.Rad1 a5 31.b5 Ke7 32.Rxd4 cxd4 33.Qxd4 Qf6 34.Qc5+ Kd8 35.Rd1 Qc3+ 36.Kh4 Qf6+
37.g5 Qe7 38.Qe5 Rc8 39.b6 h6 40.Kh3 Qxg5 41.Qe2 Rxc4 42.Bf3 Qf5+ 43.Kh4 Rc3  0-1

[Event "Masters"]
[Site "Trieste ITA"]
[Date "2008.09.05"]
[Round "7"]
[White "Fercec,N"]
[Black "Kragelj,I"]
[Result "1-0"]
[WhiteElo "2486"]
[BlackElo "2228"]

1.e4 c5 2.Nf3 e6 3.d4 cxd4 4.Nxd4 Nc6 5.Nc3 Qc7 6.Be3 a6 7.f4 b5 8.Bd3 Bb7
9.Qf3 Nf6 10.O-O-O Rc8 11.Kb1 Nxd4 12.Bxd4 Bc5 13.Bxc5 Qxc5 14.Qg3 O-O 15.e5 Ne8
16.f5 exf5 17.Bxf5 Rc7 18.Rd2 f6 19.Qd3 h6 20.e6 dxe6 21.Bxe6+ Kh8 22.a3 Re7
23.Bb3 Nc7 24.Rhd1 f5 25.Qg3 Kh7 26.Rd6 Ne8 27.Qg6+ Kh8 28.Rd8 Qc6 29.Qg3 Qxg2
30.Qh4 Qg5 31.Qb4 Qf6 32.Rb8 f4 33.Bd5 f3 34.Rxb7 Rxb7 35.Bxb7 f2 36.Rf1 Nd6
37.Ne4 Nxe4 38.Bxe4 Re8 39.Bd3 Qb6 40.Qf4 Re1+ 41.Ka2 Qe6+ 42.b3 Rxf1 43.Qf8+ Qg8
44.Qxg8+ Kxg8 45.Bxf1  1-0

[Event "5th LGA Premium Cup"]
[Site "Nuernberg GER"]
[Date "2008.09.06"]
[Round "4"]
[White "Seyb,A"]
[Black "Uhlmann,D"]
[Result "1-0"]
[WhiteElo "2243"]
[BlackElo "1987"]

1.e4 c5 2.Nf3 e6 3.d4 cxd4 4.Nxd4 Nc6 5.Nc3 Qc7 6.Be3 a6 7.Qd2 Nf6 8.O-O-O Bb4
9.f3 b5 10.Bf4 e5 11.Nxc6 dxc6 12.Bxe5 Qa5 13.a3 Be6 14.axb4 Qa1+ 15.Nb1 Ba2
16.Qd6 Qxb1+ 17.Kd2 Qxd1+ 18.Kxd1 Rd8 19.Qxd8+ Kxd8 20.Bxf6+ gxf6 21.b3  1-0

[Event "XXV Aniversario"]
[Site "Parla ESP"]
[Date "2008.09.06"]
[Round "1"]
[White "Penalosa Pinilla,J"]
[Black "Alcala Cuesta,M"]
[Result "1-0"]
[WhiteElo "2224"]
[BlackElo "1849"]

1.e4 c5 2.Nf3 e6 3.Nc3 Nc6 4.d4 cxd4 5.Nxd4 a6 6.Be2 Qc7 7.Be3 b5 8.Nxc6 dxc6
9.O-O Bd6 10.f4 e5 11.f5 Nf6 12.Bf3 Bb7 13.Qe2 b4 14.Nb1 a5 15.Nd2 Ba6 16.Nc4 Bxc4
17.Qxc4 O-O 18.Kh1 Nd7 19.Rad1 Rad8 20.Rd2 c5 21.Rfd1 Nb6 22.Qb5 Nc8 23.h3 c4
24.c3 Rde8 25.Be2 Re7 26.Bxc4 bxc3 27.bxc3 Qb8 28.Qxb8 Bxb8 29.Bc5  1-0

[Event "TCh-SRB 1st League"]
[Site "Subotica SRB"]
[Date "2008.09.06"]
[Round "6"]
[White "Djukic,Ni"]
[Black "Barlov,D"]
[Result "1-0"]
[WhiteElo "2545"]
[BlackElo "2474"]

1.e4 c5 2.Nf3 e6 3.d4 cxd4 4.Nxd4 Nc6 5.Nc3 Qc7 6.Be2 a6 7.O-O Nf6 8.Kh1 Be7
9.f4 d6 10.Be3 O-O 11.Qe1 Bd7 12.Qg3 Kh8 13.Rae1 Rae8 14.a3 Bd8 15.Nf3 d5
16.e5 Ne4 17.Nxe4 dxe4 18.Nd2 Ne7 19.Nxe4 Nf5 20.Qf3 Qxc2 21.Bc5 Be7 22.Bd3 Qa4
23.Qh3 h6 24.b4 Bc6 25.Bxe7 Rxe7 26.Nc5 Qxa3 27.Bxf5 Qxb4 28.Nd3 Qc3 29.Nf2 Qxh3
30.Bxh3 Rd8 31.Ne4 Rd4 32.Nd6 Rd2 33.Kg1 Kg8 34.Rf2 Rd3 35.g3 Rc3 36.Bg2 Bxg2
37.Kxg2 Rec7 38.Ra1 Rc2 39.Ra2 Rxa2 40.Rxa2 Kf8 41.Kf3 Ke7 42.Ke4 f6 43.Kd4 fxe5+
44.fxe5 Kd8 45.Rf2  1-0

[Event "TCh-SRB 1st League"]
[Site "Subotica SRB"]
[Date "2008.09.06"]
[Round "6"]
[White "Solak,D"]
[Black "Todorovic,GM"]
[Result "1-0"]
[WhiteElo "2596"]
[BlackElo "2479"]

1.e4 c5 2.Nc3 e6 3.Nf3 Nc6 4.d4 cxd4 5.Nxd4 Nf6 6.Ndb5 d6 7.Bf4 e5 8.Bg5 a6
9.Na3 b5 10.Nd5 Be7 11.Bxf6 Bxf6 12.c4 Bg5 13.cxb5 Qa5+ 14.Nc3 Nd4 15.bxa6 O-O
16.Bd3 Bxa6 17.O-O Bb7 18.Nab5 Qb6 19.Nxd4 exd4 20.Nb5 Rfe8 21.Qg4 Bh6 22.a4 Qc5
23.b4 Qc6 24.Nxd4 Qc3 25.Nf5 Re6 26.Nxh6+ Rxh6 27.Qg3 d5 28.exd5 Qxb4 29.Rab1 Qe7
30.d6 Qd7 31.Rfd1 Rd8 32.Bc2 Bc6 33.a5 f5 34.Qf4 Bxg2 35.Bb3+ Kh8 36.Kxg2 Rg6+
37.Kh1 Qc6+ 38.Bd5 Qc5 39.Bg2  1-0

[Event "61st ch-RUS HL"]
[Site "Novokuznetsk RUS"]
[Date "2008.09.07"]
[Round "5"]
[White "Najer,E"]
[Black "Maletin,P"]
[Result "1/2-1/2"]
[WhiteElo "2670"]
[BlackElo "2545"]

1.e4 c5 2.Nf3 Nc6 3.d4 cxd4 4.Nxd4 e6 5.Nc3 Qc7 6.g3 a6 7.Bg2 Nf6 8.O-O Be7
9.Re1 O-O 10.Nxc6 dxc6 11.e5 Rd8 12.Qf3 Nd5 13.h4 b6 14.Bg5 h6 15.Bxe7 Nxe7
16.Rad1 Bb7 17.Qe4 Rab8 18.Rxd8+ Rxd8 19.Rd1 Rb8 20.Qe2 Nf5 21.Bh3 Ne7 22.Bg2 Nf5
23.Bh3 Ne7 24.Bg2 Nf5  1/2-1/2

[Event "61st ch-RUS HL"]
[Site "Novokuznetsk RUS"]
[Date "2008.09.07"]
[Round "5"]
[White "Skorchenko,D"]
[Black "Kalegin,E"]
[Result "1/2-1/2"]
[WhiteElo "2511"]
[BlackElo "2495"]

1.e4 c5 2.Nf3 e6 3.d4 cxd4 4.Nxd4 Nc6 5.Nc3 a6 6.Be3 Nf6 7.Bd3 d5 8.exd5 exd5
9.Qd2 Bd6 10.O-O-O O-O 11.h3 Be6 12.g4 Qc7 13.Rhe1 Rac8 14.Kb1 Be5 15.Nce2 Ne4
16.Bxe4 dxe4 17.Nxe6 fxe6 18.Qd7 Qxd7 19.Rxd7 Nb4 20.Nd4 Rf7 21.Rxf7 Kxf7
22.c3 Nd3 23.Rd1 Bxd4 24.Bxd4 e5 25.Be3 Ke6 26.f3 Nf4 27.Bxf4 exf4 28.Rd4 Kf6
29.Rxe4 Kg5 30.Kc2 Rd8 31.c4 Rd7 32.b4 Rf7 33.Kd3 Kh4 34.Re6 Kxh3 35.c5 Kg3
36.Ke4 g5 37.Re5 h5 38.Rxg5 h4 39.Rh5 h3 40.g5 h2 41.g6 Rf8 42.a4 Kg2 43.Rg5+ Kf2
44.Rh5 Kg2 45.Rg5+ Kf2 46.Rh5  1/2-1/2

[Event "61st ch-RUS HL"]
[Site "Novokuznetsk RUS"]
[Date "2008.09.07"]
[Round "5"]
[White "Amonatov,F"]
[Black "Matlakov,M"]
[Result "1/2-1/2"]
[WhiteElo "2650"]
[BlackElo "2484"]

1.e4 c5 2.Nf3 e6 3.d4 cxd4 4.Nxd4 Nc6 5.Nc3 Qc7 6.Be3 Nf6 7.f4 Bb4 8.Nb5 Qa5
9.e5 Ne4 10.Qd3 Nxc3 11.Nxc3 O-O 12.Bd2 d5 13.a3 Bd7 14.Qh3 d4 15.Bd3 h6
16.Ne4 f5 17.exf6 Bxd2+ 18.Nxd2 Rxf6 19.Qg4 Nb4 20.O-O Nxd3 21.Nc4 Qc7 22.cxd3 e5
23.f5 Raf8 24.Rae1 Rxf5 25.Rxf5 Rxf5 26.Qe4 Rg5 27.Nxe5 Bc6 28.Nxc6 Qxc6
29.Qxc6 bxc6 30.Re4 Rd5 31.Kf2 Kf7 32.Kf3 a5 33.a4 Kf6 34.h4 c5 35.Rf4+ Ke6
36.Re4+ Kf6 37.g4 g5 38.hxg5+ hxg5 39.Re8 Re5 40.Rxe5 Kxe5 41.b3  1/2-1/2

[Event "61st ch-RUS HL"]
[Site "Novokuznetsk RUS"]
[Date "2008.09.07"]
[Round "5"]
[White "Smikovski,I"]
[Black "Potkin,V"]
[Result "1/2-1/2"]
[WhiteElo "2554"]
[BlackElo "2629"]

1.e4 c5 2.Nf3 e6 3.d4 cxd4 4.Nxd4 Nc6 5.Nc3 a6 6.Be2 d6 7.O-O Nf6 8.Be3 Be7
9.f4 Bd7 10.Qe1 O-O 11.Rd1 Nxd4 12.Bxd4 Bc6 13.Bf3 Qc7 14.Qg3 b5 15.a3 a5
16.e5 dxe5 17.fxe5 Nd7 18.Ne4 Rad8 19.c3 b4 20.axb4 axb4 21.cxb4 Bxe4 22.Bxe4 Bxb4
23.Kh1 Nc5 24.Bc2 Na6 25.Bb1 g6 26.h4 Bc5 27.Bc3 Bb4 28.Bd4 Bc5 29.Bc3 Bb4
30.Bd4 Bc5 31.Bc3 Bb4  1/2-1/2

[Event "5th LGA Premium Cup"]
[Site "Nuernberg GER"]
[Date "2008.09.07"]
[Round "6"]
[White "Seyb,A"]
[Black "Sarec,I"]
[Result "1-0"]
[WhiteElo "2243"]
[BlackElo "2045"]

1.e4 c5 2.Nf3 e6 3.d4 cxd4 4.Nxd4 Nc6 5.Nc3 Qc7 6.Be3 a6 7.Qd2 Nf6 8.O-O-O Bb4
9.f3 Ne5 10.Nb3 b5 11.Kb1 Nc4 12.Bxc4 bxc4 13.Nc1 Rb8 14.Ka1 O-O 15.N1e2 d5
16.e5 Nd7 17.f4 Qb7 18.Rb1 Rd8 19.Bd4 a5 20.f5 exf5 21.Qg5 Rf8 22.e6 f6 23.Qg3 Ne5
24.Nf4 Nc6 25.Bf2 d4 26.Ncd5 Bd6 27.Rhe1 Be5 28.e7 Nxe7 29.Nxe7+ Qxe7 30.Bxd4 Qd6
31.Rxe5 fxe5 32.Nh5 Qg6 33.Qxe5 Rb7 34.Nf4 Qf7 35.Qxa5 Re8 36.g3 Qd7 37.Qc3 Re4
38.Qxc4+ Kh8 39.c3 h6 40.Ng6+ Kh7 41.Nf8+ Kh8 42.Nxd7 Bxd7 43.Qf7 Bc6 44.Qf8+  1-0

[Event "5th LGA Premium Cup"]
[Site "Nuernberg GER"]
[Date "2008.09.07"]
[Round "6"]
[White "Hirneise,J"]
[Black "Farago,I"]
[Result "1/2-1/2"]
[WhiteElo "2251"]
[BlackElo "2482"]

1.e4 c5 2.Nf3 e6 3.d4 cxd4 4.Nxd4 Nc6 5.Nc3 a6 6.Be2 Qc7 7.Be3 Nf6 8.a3 d6
9.f4 Be7 10.g4 d5 11.e5 Ne4 12.Nxe4 dxe4 13.Nxc6 Qxc6 14.O-O Bc5 15.Qc1 Qb6
16.Kf2 O-O 17.b4 Bxe3+ 18.Qxe3 Qc6 19.c4 f6 20.Kg2 Bd7 21.Rad1 Qc7 22.Rd6 fxe5
23.fxe5 Rxf1 24.Bxf1 Rf8 25.Be2 Bc6 26.Kg3 Qf7 27.Rd1 h6 28.h4 Qc7 29.Rd6 Qf7
30.Kg2 Qe7 31.Kg3 g5 32.hxg5 hxg5 33.Rd1 Rf4 34.Rh1 Be8 35.Rf1 Qg7 36.Rxf4 Qxe5
37.b5 axb5 38.cxb5 Bxb5  1/2-1/2

[Event "XXV Aniversario"]
[Site "Parla ESP"]
[Date "2008.09.07"]
[Round "2"]
[White "Tsebrovskyy,R"]
[Black "Molina Garcia,A"]
[Result "1/2-1/2"]
[WhiteElo "1863"]
[BlackElo "2144"]

1.e4 c5 2.Nc3 Nc6 3.Nf3 e6 4.d4 cxd4 5.Nxd4 a6 6.Be3 Qc7 7.Be2 Nf6 8.O-O Be7
9.f4 d6 10.Qd2 O-O 11.a4 Rd8 12.Bf3 Bd7 13.Qf2 Rac8 14.Nxc6 Qxc6 15.e5 Nd5
16.Bxd5 exd5 17.Rad1  1/2-1/2

[Event "XXV Aniversario"]
[Site "Parla ESP"]
[Date "2008.09.07"]
[Round "2"]
[White "Diamant,A"]
[Black "Bordo Bujalance,E"]
[Result "1-0"]
[WhiteElo "2393"]
[BlackElo "2041"]

1.e4 c5 2.Nf3 e6 3.d4 cxd4 4.Nxd4 Nc6 5.Nc3 Qc7 6.Be2 a6 7.O-O Nf6 8.Be3 Bb4
9.Na4 Bd6 10.g3 b5 11.Nb6 Rb8 12.Nxc8 Rxc8 13.c4 b4 14.c5 Nxd4 15.Bxd4 Bxc5
16.Rc1 d6 17.Bxa6 Ra8 18.Bb5+ Nd7 19.e5 Ra5 20.exd6 Qb6 21.Rxc5  1-0

[Event "Masters"]
[Site "Trieste ITA"]
[Date "2008.09.07"]
[Round "9"]
[White "Narayanan,Sr"]
[Black "Bosiocic,Mari"]
[Result "0-1"]
[WhiteElo "2220"]
[BlackElo "2540"]

1.e4 c5 2.Nf3 e6 3.d4 cxd4 4.Nxd4 Nc6 5.Nc3 Qc7 6.f4 a6 7.Nxc6 Qxc6 8.Bd3 b5
9.Qe2 Bc5 10.Be3 Bb7 11.O-O Nf6 12.Kh1 b4 13.Bxc5 Qxc5 14.Na4 Qc6 15.e5 Nd5
16.b3 f5 17.Rf2 O-O 18.Bc4 Nb6 19.Nxb6 Qxb6 20.a4 bxa3 21.Rxa3 Rf7 22.Rf1 g5
23.fxg5 Kh8 24.b4 Rg7 25.Rg3 Qd4 26.Rd1 Qh4 27.g6 Rag8 28.Kg1 Ba8 29.Rh3 Qe7
30.g3 Rxg6 31.Rd4 Rg4 32.Qd2 Rxd4 33.Qxd4 Rg4 34.Qc3 a5 35.Be2 Qxb4 36.Qxb4 Rxb4
37.g4 fxg4 38.Ra3 a4 39.c3 Rf4 40.Bb5 Bc6 41.c4 Bxb5 42.cxb5 Rb4  0-1

[Event "Masters"]
[Site "Trieste ITA"]
[Date "2008.09.07"]
[Round "9"]
[White "Hartl,D"]
[Black "Cherin,D"]
[Result "0-1"]
[WhiteElo "2138"]
[BlackElo "2287"]

1.e4 c5 2.Nf3 e6 3.d4 cxd4 4.Nxd4 Nc6 5.Nc3 Qc7 6.Be3 a6 7.Qd2 Nf6 8.O-O-O Bb4
9.f3 Ne7 10.Nde2 d5 11.Bg5 dxe4 12.Bxf6 gxf6 13.Qd4 exf3 14.Qxb4 fxe2 15.Bxe2 f5
16.g4 Bd7 17.gxf5 Nxf5 18.Bg4 a5 19.Qe4 Bc6 20.Nd5 Bxd5 21.Rxd5 Qc6 22.Rhd1 Ne7
23.Qd4 O-O 24.Rd7 Rac8 25.c3 Ng6 26.h4 Qc5 27.Rxb7 Qxd4 28.Rxd4 Rfd8 29.Rxd8+ Rxd8
30.h5 Nf4 31.Kc2 f5 32.Bf3 Rd3 33.Bc6 Rh3 34.b4 Ne2 35.Bd7 Kf7 36.Bb5+ Kf6
37.Bxe2 axb4 38.Rxb4 e5 39.a4 Rh2 40.Kd3 e4+ 41.Kd2 Ke5 42.Rb5+ Kf6 43.Rb1 f4
44.Rb6+ Ke5 45.Rb5+ Kf6 46.Ke1 f3 47.Bf1 e3 48.Rb8 Ke5 49.Rb7 h6 50.Rh7 Kf4
51.Rf7+ Ke4 52.Re7+ Kf4 53.a5 Ra2 54.Rf7+ Kg3 55.Rg7+ Kh2 56.Rd7 Ra1+ 57.Rd1 Rxa5
58.Rd3 Ra1+ 59.Rd1 Ra5 60.Rd3 Kg1 61.Be2 Ra1+ 62.Rd1 f2+  0-1

[Event "SuperLiga-ROM"]
[Site "Eforie Nord ROM"]
[Date "2008.09.08"]
[Round "8"]
[White "Baklan,V"]
[Black "Nisipeanu,LD"]
[Result "1/2-1/2"]
[WhiteElo "2631"]
[BlackElo "2692"]

1.e4 c5 2.Nf3 e6 3.Nc3 Nc6 4.d4 cxd4 5.Nxd4 Qc7 6.g3 a6 7.Bg2 d6 8.O-O Bd7
9.Nxc6 Bxc6 10.a4 Nf6 11.a5 Be7 12.Be3 O-O 13.Bb6 Qb8 14.Re1 Nd7 15.Bd4 Bf6
16.Ne2 Rd8 17.c4 Bxd4 18.Nxd4 Ne5 19.b3 b6  1/2-1/2

[Event "DMP Ekstraliga"]
[Site "Karpacz POL"]
[Date "2008.09.08"]
[Round "3"]
[White "Butkiewicz,L"]
[Black "Dziuba,M"]
[Result "1/2-1/2"]
[WhiteElo "2284"]
[BlackElo "2570"]

1.e4 c5 2.Nf3 e6 3.d4 cxd4 4.Nxd4 Nc6 5.Nc3 Qc7 6.Be3 a6 7.a3 b5 8.Be2 Bb7
9.f4 Nf6 10.Bf3 d6 11.Nxc6 Bxc6 12.O-O Be7 13.Qe1 O-O 14.Qg3 Nd7 15.Bd4 e5
16.fxe5 dxe5 17.Kh1 Bc5 18.Bxc5 Nxc5 19.Rad1 Rad8 20.Qf2 Ne6 21.Nd5 Bxd5
22.exd5 Nc5 23.Qe3 Qd6 24.b4 Na4 25.Rde1 Rde8 26.Be4 Re7 27.g4 Nb6 28.Rd1 Nc4
29.Qh3 g6 30.Rd3 f6 31.Qh4 Rg7 32.Rdf3 f5 33.gxf5 Nd2 34.f6 Nxf3 35.fxg7 Rf4
36.Qh3 Ng5 37.Qc8+ Kxg7 38.Rxf4 exf4 39.Qc3+ Kh6 40.Bf3 Qd7 41.Qe5 Qh3 42.Bg2 Qg4
43.Qd4 Qf5 44.d6 f3 45.Bf1 f2 46.h3 Qf3+ 47.Kh2 Ne4 48.Qe5 Nd2 49.Qe2 Qf4+
50.Kg2 Qxd6 51.Qxf2 Qd5+ 52.Kg1 Nf3+ 53.Kh1 Ne1+ 54.Kg1 Qg5+ 55.Kh1 Qd5+
56.Kg1 Nf3+ 57.Kh1 Nh4+ 58.Kg1 Qg5+ 59.Kh1 Qd5+ 60.Kg1 Nf3+  1/2-1/2

[Event "3rd PGMA Cup"]
[Site "Manila PHI"]
[Date "2008.09.08"]
[Round "2"]
[White "Li Chao2"]
[Black "Sadorra,J"]
[Result "1-0"]
[WhiteElo "2590"]
[BlackElo "2470"]

1.e4 c5 2.Nf3 e6 3.d4 cxd4 4.Nxd4 Nc6 5.Nc3 Qc7 6.Be2 a6 7.O-O Nf6 8.Kh1 Nxd4
9.Qxd4 Bc5 10.Qd3 b5 11.Bg5 Bb7 12.f4 h6 13.Bxf6 gxf6 14.Bh5 Rg8 15.Rad1 b4
16.Ne2 O-O-O 17.Bxf7 f5 18.Bxg8 Rxg8 19.Ng3 h5 20.exf5 h4 21.fxe6 Qc6 22.Qxd7+ Qxd7
23.exd7+ Kd8 24.Rfe1 hxg3 25.Re8+ Rxe8 26.dxe8=Q+ Kxe8 27.hxg3 Ke7 28.g4 Bd6
29.Rf1 Bd5 30.Kh2 a5 31.Kg3 a4 32.Re1+ Kf6 33.b3 Bc6 34.Rh1 Kg7 35.Rd1 Bc5
36.f5 a3 37.Kf4 Bb6 38.g5 Bc7+ 39.Kg4 Be5 40.Re1 Bc3 41.Re7+ Kf8 42.f6  1-0

[Event "XXV Aniversario"]
[Site "Parla ESP"]
[Date "2008.09.08"]
[Round "3"]
[White "Prada Valderrey,J"]
[Black "Abul,Q"]
[Result "0-1"]
[WhiteElo "1905"]
[BlackElo "2043"]

1.e4 c5 2.Nf3 e6 3.d4 cxd4 4.Nxd4 Nc6 5.Nc3 a6 6.a3 Qc7 7.Be3 Nf6 8.Be2 b5
9.O-O Bb7 10.Qd2 Ne5 11.f3 Nc4 12.Bxc4 Qxc4 13.Qe2 Qc7 14.Rad1 Be7 15.Bf2 O-O
16.Qe1 Rac8 17.Nde2 d5 18.exd5 Nxd5 19.Nxd5 Bxd5 20.c3 Bc4 21.Kh1 Bd6 22.h3 Rfd8
23.Rd2 Bf4 24.Rxd8+ Rxd8 25.Rg1 Bd2 26.Qd1 Be3 27.Qe1 Bxf2 28.Qxf2 Rd2 29.Re1 Qe5
30.Nd4 Qf4 31.Ne2 Qd6 32.Qa7 Bxe2 33.Qa8+ Qf8 34.Qxa6 Rxb2 35.a4 Qb8 36.a5 Bc4
37.Rd1 h5 38.Qb6 Qg3 39.Qg1 Bd5 40.a6 Bxf3  0-1

[Event "TCh-SRB 1st League"]
[Site "Subotica SRB"]
[Date "2008.09.08"]
[Round "7"]
[White "Popovic,Du"]
[Black "Rajkovic,Du"]
[Result "1/2-1/2"]
[WhiteElo "2551"]
[BlackElo "2476"]

1.e4 c5 2.Nf3 e6 3.d4 cxd4 4.Nxd4 Nc6 5.Nc3 Qc7 6.Be3 a6 7.Qd2 Nf6 8.O-O-O Be7
9.f3 O-O 10.g4 b5 11.h4 Bb7 12.g5 Nh5 13.Rg1 Ne5 14.f4 Nc4 15.Bxc4 Qxc4 16.Qe2  1/2-1/2

[Event "DMP Ekstraliga"]
[Site "Karpacz POL"]
[Date "2008.09.09"]
[Round "4"]
[White "Zawadzka,J"]
[Black "Przezdziecka,M"]
[Result "1/2-1/2"]
[WhiteElo "2389"]
[BlackElo "2281"]

1.e4 c5 2.Nf3 e6 3.d4 cxd4 4.Nxd4 Nc6 5.Nc3 Qc7 6.Be3 a6 7.Qd2 Nf6 8.O-O-O Be7
9.f3 h5 10.Kb1 b5 11.h3 Bb7 12.Bd3 h4 13.Rhe1 Ne5 14.Bf4 d6 15.Bg5 b4 16.Nce2 O-O
17.Qxb4 Rab8 18.Qc3 Qb6 19.Be3 Rfc8 20.Nf5 Qd8 21.Nxe7+ Qxe7 22.Qa3 Qc7 23.Nd4 Nfd7
24.Ka1 Nc5 25.Bd2 Bc6 26.Nxc6 Qxc6 27.Bc3 Nexd3 28.cxd3 Na4 29.Rc1 Qb5 30.Red1 Rc6
31.Rc2 Rbc8 32.Qb3 Nxc3 33.bxc3 Qxb3 34.axb3 Rxc3 35.Rxc3 Rxc3 36.Kb2 Rc6
37.d4 d5 38.exd5 exd5 39.Re1 f6 40.Rc1 Re6 41.Rc2 Re3 42.Rc3  1/2-1/2

[Event "DMP Ekstraliga"]
[Site "Karpacz POL"]
[Date "2008.09.09"]
[Round "4"]
[White "Chmiel,D"]
[Black "Kozak,Ma"]
[Result "1-0"]
[WhiteElo "2204"]
[BlackElo "2195"]

1.e4 c5 2.Nf3 e6 3.d4 cxd4 4.Nxd4 Nc6 5.Nc3 d6 6.Be3 Nf6 7.f3 Be7 8.Qd2 O-O
9.O-O-O a6 10.g4 Nxd4 11.Bxd4 b5 12.Qf2 Nd7 13.h4 Bb7 14.g5 Rc8 15.Bh3 Qa5
16.Kb1 b4 17.Nd5 Bd8 18.g6 hxg6 19.h5 Ne5 20.Bxe5 dxe5 21.hxg6 Re8 22.Bxe6 Rxe6
23.Rh8+  1-0

[Event "DMP Ekstraliga"]
[Site "Karpacz POL"]
[Date "2008.09.09"]
[Round "4"]
[White "Fedorchuk,S"]
[Black "Navara,D"]
[Result "1/2-1/2"]
[WhiteElo "2624"]
[BlackElo "2646"]

1.e4 c5 2.Nf3 e6 3.d4 cxd4 4.Nxd4 Nc6 5.Nc3 a6 6.Be2 d6 7.O-O Nf6 8.Kh1 Be7
9.f4 O-O 10.Be3 Bd7 11.Qe1 b5 12.a3 Qb8 13.Bf3 Nxd4 14.Bxd4 e5 15.Be3 Bc6
16.Qg3 Nd7 17.Rad1 Bf6 18.Nd5 Bxd5 19.Rxd5 b4 20.axb4 Qxb4 21.c3 Qxb2 22.Rxd6 Qxc3
23.Rxd7 Qxe3 24.fxe5 Bg5 25.Bd1 Qxg3 26.hxg3 Rab8 27.Rf3 Rbe8 28.Bb3 Re7
29.e6 fxe6 30.Rxe7 Rxf3 31.gxf3 Bxe7 32.Bxe6+ Kf8 33.Kg2 Bb4 34.e5 Be1 35.f4 h6  1/2-1/2

[Event "XXV Aniversario"]
[Site "Parla ESP"]
[Date "2008.09.09"]
[Round "4"]
[White "Diamant,A"]
[Black "Epishin,V"]
[Result "1/2-1/2"]
[WhiteElo "2393"]
[BlackElo "2574"]

1.e4 c5 2.Nf3 e6 3.d4 cxd4 4.Nxd4 Nc6 5.Nc3 Qc7 6.Be2 Nf6 7.O-O Be7 8.Be3 O-O
9.f4 d6 10.Kh1 Nxd4 11.Qxd4 Bd7 12.a4 Rfd8 13.f5 b6 14.Rad1 Qc5 15.Qd3 Qb4
16.Bd2 Qc5 17.Be3 Qb4 18.Bd2 Qc5  1/2-1/2